Представление документа в формате RUSMARC

ПолеНазваниеЗначение
  Тип записи a
  Библиографический уровень m
001 Контрольный номер 90d59b92c46142aca574c7bdb7cf0a55
005 Дата корректировки 20140602165216.6
010 Индекс ISBN __
a ISBN 5-9533-1140-0
011 Индекс ISSN __
d Цена 96,36
101 Язык документа 0_
a Язык текста rus
102 Страна публикации __
a Страна публикации RU
200 Заглавие и сведения об ответственности 1_
a Заглавие 100 великих праздников
f Первые сведения об ответственности Е. О. Чекулаева
210 Выходные данные 1_
c Издательство Вече
a Место издания Москва
d Дата издания 2006
215 Физическое описание __
a Объем 431, [1] с.
225 Серия 2_
a Серия 100 великих
610 Ключевые слова 0_
a Ключевые слова праздники
610 Ключевые слова 0_
a Ключевые слова православные праздники
610 Ключевые слова 0_
a Ключевые слова католические праздники
610 Ключевые слова 0_
a Ключевые слова мусульманские праздники
610 Ключевые слова 0_
a Ключевые слова языческие праздники
610 Ключевые слова 0_
a Ключевые слова народные праздники
610 Ключевые слова 0_
a Ключевые слова светские праздники
686 Индексы других классификаций __
a Классификационный индекс 63.5
2 Код системы rubbk
686 Индексы других классификаций __
a Классификационный индекс 85.34
2 Код системы rubbk
700 Автор _1
a Фамилия Чекулаева
b Имя Е. О.
g Полное личное имя Елена Олеговна
801 Источник записи _0
a Страна RU
b Организация РУК
c Дата составления 20070308
g Правила каталогизации PSBO
801 Источник записи _1
a Страна RU
b Организация РУК
c Дата составления 20070308
g Правила каталогизации PSBO
852 Данные о местонахождении __
j Шифр хранения ББК 63
i Авторский знак Ч-37
901 Тип документа __
t Тип документа m
938 Служебная информация __
a Название организации Головной вуз
b Имя БД BOOK
c Название АИБС АИБС ИРБИС